Countries by Second Largest Cities - Statistics

General Stats
  • This quiz has been taken 76 times
  • The average score is 16 of 19
Answer Stats
City Country % Correct
Rio de Janeiro Brazil
100%
Montreal Canada
100%
Kraków Poland
100%
Saint Petersburg Russia
100%
Barcelona Spain
100%
Cape Town South Africa
99%
Alexandria Egypt
97%
Yokohama Japan
97%
Lahore Pakistan
96%
Cork Ireland
94%
Jeddah Saudi Arabia
93%
Kharkiv Ukraine
86%
Medellín Colombia
83%
Busan South Korea
83%
Surabaya Indonesia
79%
Esch-sur-Alzette Luxembourg
56%
Lubumbashi DR Congo
53%
Kópavogur Iceland
51%
Ecatepec Mexico
51%
No matching quizzes found
Score Distribution
Percent of People with Each Score
Percentile by Number Answered
Your Score History
You have not taken this quiz